[Event "Hyderabad U1500 op 3rd"]
[Site "Hyderabad"]
[Date "2018.12.09"]
[Round "5.5"]
[White "Gote, Kaustubh"]
[Black "Sailesh, R."]
[Result "1-0"]
[WhiteElo "1401"]
[BlackElo "1310"]
[PlyCount "66"]
[EventDate "2018.12.08"]
[EventType "swiss"]
[EventRounds "9"]
[EventCountry "IND"]
[SourceTitle "EXT 2024"]
[Source "ChessBase"]
[SourceDate "2023.10.10"]
[SourceVersion "1"]
[SourceVersionDate "2023.10.10"]
[SourceQuality "1"]

1. Nf3 Nf6 2. g3 b6 3. Bg2 Bb7 4. 0-0 e6 5. d4 Be7 6. c4 0-0 7. Nc3 d5 8. Ne5 Nbd7 9. cxd5 exd5 10. Qb3 c6 11. e4 c5 12. Nxd5 Nxd5 13. exd5 cxd4 14. Nc6 Nc5 15. Qd1 Bxc6 16. dxc6 Rc8 17. b4 Ne6 18. Qa4 Qd6 19. b5 Qb4 20. Qxb4 Bxb4 21. Bb2 Rfd8 22. a3 Bc5 23. Rad1 Nc7 24. Bh3 Ra8 25. Bd7 Nxb5 26. a4 Nc7 27. Bxd4 Bxd4 28. Rxd4 Ne6 29. Rd6 Nc5 30. Rfd1 Nxd7 31. c7 Re8 32. Rxd7 Kf8 33. Rd8 Kg8 1-0